| 000 | 00405nam a2200145Ia 4500 | ||
|---|---|---|---|
| 008 | 231129s1995||||xx |||||||||||||| ||spa|| | ||
| 020 | _a958-612-204-2 | ||
| 040 | _bspa | ||
| 082 | _aCo861.44 B717h | ||
| 100 | _aBonnett Velez Piedad | ||
| 245 | 0 | _aEl hilo de los dias | |
| 260 | _c1995 | ||
| 264 | _aColombia : Instituto Colombiano de Cultura | ||
| 942 |
_2ddc _cBKS |
||
| 999 |
_c11236 _d11236 |
||